[Event "DEM U16 2003"]
[Site "Willingen GER"]
[Date "2003.06.08"]
[Round "1"]
[White "Meier, Georg"]
[Black "Nüsken, Nikolas"]
[Result "1-0"]
[Termination "normal"]
[Board "3"]
[WhiteElo "2253"]
[BlackElo "2094"]
[PlyCount "93"]
[WhiteFideId "4675783"]
[BlackFideId "24605891"]
[EventCountry "GER"]
[EventRounds "9"]
[EventType "swiss"]
[EventDate "2003.06.07"]

1. e4 c5 2. Nf3 e6 3. d4 cxd4 4. Nxd4 a6 5. Bd3 Bc5 6. Nb3 Ba7 7. c4 Nc6 8. Nc3
d6 9. O-O Nge7 10. Kh1 e5 11. f4 exf4 12. Bxf4 Ng6 13. Bg3 O-O 14. Be2 Nge5 15.
Nd5 Be6 16. Rc1 a5 17. a4 f6 18. Qd2 Rf7 19. Bh5 Rd7 20. Na1 Rc8 21. b3 Nd4 22.
Bf2 Ndc6 23. Bh4 Nd4 24. Rc3 Ng6 25. Bf2 Nc6 26. Bg3 Bd4 27. Rd3 Bc5 28. Nc2
Kh8 29. Qd1 Nge5 30. Rd2 Ng6 31. Nce3 Nb4 32. Re2 Ne5 33. Bh4 Kg8 34. Be1 Nxd5
35. exd5 Bf7 36. Bxf7+ Nxf7 37. Nf5 Ne5 38. Bc3 Qe8 39. Bxa5 Qh5 40. Re4 Qg6
41. Qe2 Kh8 42. Bc3 Ba7 43. Bb4 Rcd8 44. Bxd6 Bb8 45. Bxe5 Bxe5 46. Nh4 Qe8 47.
Nf3 1-0

[Event "DEM U16 2003"]
[Site "Willingen GER"]
[Date "2003.06.08"]
[Round "1"]
[White "Brüdigam, Martin"]
[Black "Eisenbeiser, Amadeus"]
[Result "1/2-1/2"]
[Termination "normal"]
[Board "4"]
[WhiteElo "1926"]
[BlackElo "2243"]
[PlyCount "123"]
[WhiteFideId "24608033"]
[BlackFideId "4678338"]
[EventCountry "GER"]
[EventRounds "9"]
[EventType "swiss"]
[EventDate "2003.06.07"]

1. e4 g6 2. d4 d6 3. Nc3 Nf6 4. f4 Bg7 5. Nf3 c5 6. Bb5+ Bd7 7. e5 Ng4 8. e6
Bxb5 9. exf7+ Kd7 10. Nxb5 Qa5+ 11. Nc3 cxd4 12. Nxd4 Bxd4 13. Qxg4+ Qf5 14.
Qxf5+ gxf5 15. Ne2 Bf6 16. Be3 Nc6 17. O-O-O Raf8 18. c3 Rxf7 19. Ng3 Bh4 20.
Nh5 e6 21. Rhg1 Kc7 22. h3 Ne7 23. Bd4 Rg8 24. g3 e5 25. gxh4 Rxg1 26. Bxg1 Ng6
27. Bf2 exf4 28. Rd4 f3 29. Nf4 Ne5 30. Kd2 Kc6 31. Be3 Rg7 32. Ke1 b5 33. b3
a5 34. Kf2 Rg8 35. Rd1 a4 36. Rg1 Ra8 37. b4 Re8 38. Bd4 Re7 39. Re1 Re8 40.
Re3 Kd7 41. Nd5 Kc6 42. Nf4 Kd7 43. Nd3 Nxd3+ 44. Rxd3 Re2+ 45. Kxf3 Rxa2 46.
Rd1 Rc2 47. Kf4 Rh2 48. Kxf5 Rxh3 49. Kg5 Ke6 50. h5 Kf7 51. Rd2 Rh1 52. Kh6
Ke6 53. Kg5 Kd5 54. Bc5+ Kc4 55. Rxd6 a3 56. Ra6 Kb3 57. Bd4 a2 58. Kh6 Rh3 59.
Ra7 Rh1 60. Ra5 Rh2 61. Bg7 Rh1 62. Be5 1/2-1/2

[Event "DEM U16 2003"]
[Site "Willingen GER"]
[Date "2003.06.08"]
[Round "1"]
[White "Armbrust, Florian"]
[Black "Poysti, Nathanael"]
[Result "1-0"]
[Termination "time forfeit"]
[Board "5"]
[WhiteElo "2234"]
[BlackElo "1879"]
[PlyCount "79"]
[WhiteFideId "4691350"]
[EventCountry "GER"]
[EventRounds "9"]
[EventType "swiss"]
[EventDate "2003.06.07"]

1. e4 Nf6 2. e5 Nd5 3. d4 d6 4. c4 Nb6 5. f4 dxe5 6. fxe5 Nc6 7. Be3 Bf5 8. Nc3
e6 9. Be2 Qd7 10. Nf3 O-O-O 11. O-O Bg4 12. Ng5 Bxe2 13. Qxe2 f6 14. exf6 gxf6
15. Rxf6 Be7 16. Rf7 Nxd4 17. Qf2 Nf5 18. Bxb6 axb6 19. Nce4 h6 20. Nxe6 Bc5
21. N4xc5 Qxf7 22. Nxd8 Rxd8 23. Ne4 Qe6 24. Re1 Nd6 25. Nxd6+ Qxd6 26. Qe3 Kb8
27. b3 Ka7 28. h3 Qc6 29. Kh2 Rg8 30. Qe4 Qd6+ 31. Kh1 Qd2 32. Qe2 Qd6 33. Rf1
Qd7 34. Qb2 Qe7 35. b4 Qe4 36. c5 bxc5 37. bxc5 Qd3 38. Rc1 Rg6 39. Qf2 Qd5 40.
Qc2 1-0

[Event "DEM U16 2003"]
[Site "Willingen GER"]
[Date "2003.06.08"]
[Round "1"]
[White "Kürsten, Rüdiger"]
[Black "Becker, Martin Alexander"]
[Result "0-1"]
[Termination "normal"]
[Board "6"]
[WhiteElo "1850"]
[BlackElo "2199"]
[PlyCount "60"]
[WhiteFideId "24605816"]
[BlackFideId "4680820"]
[EventCountry "GER"]
[EventRounds "9"]
[EventType "swiss"]
[EventDate "2003.06.07"]

1. d4 d5 2. c4 e6 3. Nf3 Nf6 4. g3 Be7 5. Bg2 O-O 6. O-O dxc4 7. Ne5 Nc6 8.
Nxc6 bxc6 9. Qa4 Qxd4 10. Bxc6 Rb8 11. Rd1 Qb6 12. Nc3 Ng4 13. e3 Ne5 14. Bg2
Bb7 15. Bxb7 Qxb7 16. e4 Bc5 17. Kf1 f5 18. Qa5 Nd3 19. Rxd3 Bb6 20. Qe5 cxd3
21. Qxe6+ Kh8 22. Bf4 Bxf2 23. b3 Bd4 24. Rc1 Bxc3 25. Rxc3 fxe4 26. Qe7 Rbd8
27. Ke1 e3 28. Rxd3 Qh1+ 29. Ke2 Qg2+ 30. Kxe3 Rde8 0-1

[Event "DEM U16 2003"]
[Site "Willingen GER"]
[Date "2003.06.08"]
[Round "1"]
[White "Rohde, Torsten"]
[Black "Beckmann, Emanuel"]
[Result "1-0"]
[Termination "normal"]
[Board "7"]
[WhiteElo "2182"]
[BlackElo "1842"]
[PlyCount "67"]
[WhiteFideId "4665007"]
[BlackFideId "24608025"]
[EventCountry "GER"]
[EventRounds "9"]
[EventType "swiss"]
[EventDate "2003.06.07"]

1. e4 c5 2. Nf3 e6 3. c3 d5 4. exd5 exd5 5. d4 b6 6. Bb5+ Bd7 7. Bd3 Nc6 8. O-O
Bd6 9. Re1+ Nge7 10. Bg5 O-O 11. Nbd2 cxd4 12. Nxd4 Nxd4 13. cxd4 f6 14. Bh4
Bf5 15. Nf3 Qd7 16. Bg3 Bxg3 17. hxg3 Nc6 18. Bb5 Qd6 19. Rc1 Rac8 20. Qa4 Ne7
21. Qxa7 Ng6 22. Qa4 Be4 23. Qb3 Kh8 24. Nd2 Bf5 25. Nf1 h5 26. Ba6 Rxc1 27.
Rxc1 h4 28. Bb7 Ne7 29. gxh4 Qf4 30. Re1 Ng6 31. Qxd5 Nxh4 32. g3 Qg5 33. Qh1
Rb8 34. Bg2 1-0

[Event "DEM U16 2003"]
[Site "Willingen GER"]
[Date "2003.06.08"]
[Round "1"]
[White "Zollondz, Mark"]
[Black "Krämer, Martin"]
[Result "0-1"]
[Termination "normal"]
[Board "8"]
[WhiteElo "1819"]
[BlackElo "2173"]
[PlyCount "74"]
[BlackFideId "4671910"]
[EventCountry "GER"]
[EventRounds "9"]
[EventType "swiss"]
[EventDate "2003.06.07"]

1. d4 Nf6 2. c4 g6 3. Nc3 Bg7 4. e4 d6 5. f3 O-O 6. Bg5 c5 7. d5 e6 8. Qd2 exd5
9. cxd5 h6 10. Be3 Re8 11. Nge2 Nbd7 12. Nc1 Ne5 13. Be2 a6 14. a4 Nh7 15. O-O
h5 16. Kh1 f5 17. N1a2 Bd7 18. b4 cxb4 19. Nxb4 Qf6 20. Ra3 Rac8 21. exf5 Bxf5
22. Ne4 Bxe4 23. fxe4 Qe7 24. Bd4 Nc4 25. Bxc4 Rxc4 26. Bxg7 Qxg7 27. Raf3
Rcxe4 28. Nd3 Rxa4 29. Nf4 Ng5 30. Re3 Rxe3 31. Qxe3 Ra1 32. Rc1 Qd4 33. Qg1
Rxc1 34. Qxc1 Kh7 35. h4 Nf7 36. Qf1 Nh6 37. Ne6 Nf5 0-1

[Event "DEM U16 2003"]
[Site "Willingen GER"]
[Date "2003.06.08"]
[Round "1"]
[White "Germer, Philipp"]
[Black "Ratkovitch, Dimitri"]
[Result "1-0"]
[Termination "normal"]
[Board "9"]
[WhiteElo "2149"]
[BlackElo "1818"]
[PlyCount "79"]
[WhiteFideId "4693523"]
[BlackFideId "24608050"]
[EventCountry "GER"]
[EventRounds "9"]
[EventType "swiss"]
[EventDate "2003.06.07"]

1. e4 d6 2. d4 Nf6 3. Nc3 g6 4. f4 Bg7 5. Nf3 c5 6. Bb5+ Bd7 7. e5 Ng4 8. e6
Bxb5 9. exf7+ Kd7 10. Nxb5 Qa5+ 11. Nc3 cxd4 12. Nxd4 Bxd4 13. Qxd4 Nc6 14. Qd1
h5 15. h3 Nh6 16. O-O Qc5+ 17. Kh2 Raf8 18. Nd5 Nf5 19. c3 Rxf7 20. Qd3 e6 21.
Ne3 Nce7 22. b4 Qc6 23. Rd1 Nxe3 24. Bxe3 Nd5 25. Rac1 Rhf8 26. b5 Qc7 27. c4
Nxe3 28. Qxe3 Rxf4 29. c5 d5 30. c6+ Kd8 31. cxb7 Rc4+ 32. Kh1 Rxc1 33. Rxc1
Qxb7 34. Qxe6 Qd7 35. Qxg6 d4 36. Qe4 Re8 37. Qh4+ Re7 38. Qg3 Re8 39. Rc6 Re6
40. Qb8+ 1-0

[Event "DEM U16 2003"]
[Site "Willingen GER"]
[Date "2003.06.08"]
[Round "1"]
[White "Wolter, Jens"]
[Black "Shmirina, Evgenija"]
[Result "0-1"]
[Termination "normal"]
[Board "10"]
[WhiteElo "1790"]
[BlackElo "2146"]
[PlyCount "62"]
[WhiteFideId "4698185"]
[BlackFideId "4693809"]
[EventCountry "GER"]
[EventRounds "9"]
[EventType "swiss"]
[EventDate "2003.06.07"]

1. e4 e6 2. d4 d5 3. e5 c5 4. c3 Nc6 5. Be3 cxd4 6. cxd4 Qb6 7. Qd2 Bd7 8. Nc3
Na5 9. Rc1 Rc8 10. Nf3 Bb4 11. Bd3 Nc4 12. Bxc4 Rxc4 13. O-O Bb5 14. Rfe1 Ne7
15. a3 Bxc3 16. Rxc3 Rxc3 17. Qxc3 h6 18. Rc1 Kd7 19. b4 Rc8 20. Qb2 Rxc1+ 21.
Qxc1 Qc6 22. Qxc6+ Kxc6 23. Nd2 Bd3 24. Nb3 Bc2 25. Na1 Ba4 26. Kf1 Kb5 27. Ke2
Kc4 28. Kd2 Nf5 29. h3 Nxd4 30. f4 Nb5 31. Bc5 h5 0-1

[Event "DEM U16 2003"]
[Site "Willingen GER"]
[Date "2003.06.08"]
[Round "1"]
[White "Lutz, Dieter"]
[Black "Hillmann, Michael"]
[Result "1-0"]
[Termination "normal"]
[Board "11"]
[WhiteElo "2139"]
[BlackElo "1763"]
[PlyCount "61"]
[WhiteFideId "4667565"]
[BlackFideId "24609889"]
[EventCountry "GER"]
[EventRounds "9"]
[EventType "swiss"]
[EventDate "2003.06.07"]

1. e4 d5 2. exd5 Qxd5 3. Nc3 Qa5 4. d4 c6 5. Bc4 Bf5 6. Bd2 e6 7. d5 cxd5 8.
Nxd5 Qd8 9. Qe2 Nf6 10. Nxf6+ Qxf6 11. O-O-O Nc6 12. Bc3 Qg5+ 13. Kb1 Be7 14.
Nf3 Qg6 15. Bb5 O-O 16. Bxc6 bxc6 17. Ne5 Qxg2 18. Rhg1 Qe4 19. Nxc6 Qxc6 20.
Rxg7+ Kh8 21. Rxf7+ Qxc3 22. Rxf8+ Rxf8 23. bxc3 Rb8+ 24. Ka1 Bf6 25. Qc4 Bxc2
26. Qc7 Rb6 27. Rc1 Be4 28. f3 Bf5 29. a4 e5 30. Qf7 h6 31. Rg1 1-0

[Event "DEM U16 2003"]
[Site "Willingen GER"]
[Date "2003.06.08"]
[Round "1"]
[White "Lang, Henry"]
[Black "Grimberg, Boris"]
[Result "1/2-1/2"]
[Termination "normal"]
[Board "12"]
[WhiteElo "1676"]
[BlackElo "2136"]
[PlyCount "116"]
[BlackFideId "4697499"]
[EventCountry "GER"]
[EventRounds "9"]
[EventType "swiss"]
[EventDate "2003.06.07"]

1. Nf3 Nf6 2. c4 e6 3. g3 b6 4. Bg2 Bb7 5. Nc3 Be7 6. d4 O-O 7. O-O d5 8. cxd5
Nxd5 9. Re1 c5 10. Nxd5 exd5 11. dxc5 bxc5 12. Bf4 Qb6 13. Rc1 Na6 14. Ne5 Rfd8
15. Qc2 Bf6 16. Nf3 c4 17. Be5 Bxe5 18. Nxe5 Re8 19. Qf5 Re7 20. e4 Bc8 21. Qf4
f6 22. Ng4 Bxg4 23. Qxg4 Rae8 24. Red1 dxe4 25. Rxc4 e3 26. fxe3 Rxe3 27. Qd4
Re2 28. Qxb6 axb6 29. b4 g6 30. Rc6 Rxa2 31. Bd5+ Kh8 32. Bxa2 Nxb4 33. Bd5
Nxc6 34. Bxc6 Re6 35. Bb5 Kg7 36. Rd7+ Kh6 37. Kf2 f5 38. Bc4 Re8 39. Rb7 Rc8
40. Bb5 Rc2+ 41. Kg1 Rd2 42. Rxb6 Kg5 43. Bc6 Rd6 44. Ra6 Rd4 45. Ra7 h5 46.
Ra6 Rd6 47. Bb5 Rxa6 48. Bxa6 f4 49. Kg2 h4 50. gxh4+ Kxh4 51. Bc8 Kh5 52. Kf3
Kh6 53. Kxf4 Kh7 54. Kg5 Kh8 55. Kxg6 Kg8 56. h4 Kh8 57. h5 Kg8 58. Be6+ Kh8
1/2-1/2

[Event "DEM U16 2003"]
[Site "Willingen GER"]
[Date "2003.06.08"]
[Round "1"]
[White "Feuerstack, Aljoscha"]
[Black "Kaufmann, Benjamin"]
[Result "1-0"]
[Termination "normal"]
[Board "13"]
[WhiteElo "2118"]
[BlackElo "1675"]
[PlyCount "31"]
[WhiteFideId "4681932"]
[BlackFideId "24613525"]
[EventCountry "GER"]
[EventRounds "9"]
[EventType "swiss"]
[EventDate "2003.06.07"]

1. e4 e5 2. Bc4 Nc6 3. Nc3 Bc5 4. Qg4 g6 5. Qg3 Nf6 6. d3 O-O 7. Bg5 Nh5 8.
Bxd8 Nxg3 9. hxg3 Rxd8 10. Nd5 Bb6 11. Nf6+ Kg7 12. Rxh7+ Kxf6 13. Rxf7+ Kg5
14. Nf3+ Kg4 15. Rh7 g5 16. Nh2# 1-0

[Event "DEM U16 2003"]
[Site "Willingen GER"]
[Date "2003.06.08"]
[Round "1"]
[White "Victor, Silver Star"]
[Black "Laßan, Christian"]
[Result "0-1"]
[Termination "normal"]
[Board "14"]
[WhiteElo "1628"]
[BlackElo "2089"]
[PlyCount "94"]
[BlackFideId "4685997"]
[EventCountry "GER"]
[EventRounds "9"]
[EventType "swiss"]
[EventDate "2003.06.07"]

1. d4 Nf6 2. c4 c6 3. Nf3 d5 4. Nc3 a6 5. e3 b5 6. cxd5 cxd5 7. a3 Bb7 8. b4 e6
9. Bb2 Nbd7 10. Bd3 Bd6 11. Ne2 Nb6 12. Rb1 Nc4 13. Nc3 Rc8 14. Bxc4 dxc4 15.
O-O O-O 16. Re1 Ne4 17. Rc1 f5 18. Rf1 Qf6 19. Re1 Qh6 20. h3 g5 21. Kf1 g4 22.
Ng1 Nxc3 23. Bxc3 Be4 24. Re2 Bd3 25. Ke1 Bxe2 26. Qxe2 gxh3 27. Nxh3 Rc7 28.
Qf3 Rg7 29. d5 e5 30. Ng1 Qh1 31. Ke2 Qxg2 32. Qxg2 Rxg2 33. Nf3 Re8 34. Nh4
Rg5 35. Nf3 Rg4 36. Nh2 Rg2 37. Nf3 h6 38. Nh4 Rg5 39. Nf3 Rg4 40. Rh1 Kh7 41.
Nh4 Rg5 42. Nf3 Rg7 43. Rh3 Bb8 44. Nh4 Rf7 45. Rf3 Ref8 46. Ng2 e4 47. Rh3 Rd8
0-1

[Event "DEM U16 2003"]
[Site "Willingen GER"]
[Date "2003.06.08"]
[Round "2"]
[White "Krämer, Martin"]
[Black "Heinz, Axel"]
[Result "1/2-1/2"]
[Termination "normal"]
[Board "1"]
[WhiteElo "2173"]
[BlackElo "2269"]
[PlyCount "105"]
[WhiteFideId "4671910"]
[BlackFideId "4667557"]
[EventCountry "GER"]
[EventRounds "9"]
[EventType "swiss"]
[EventDate "2003.06.07"]

1. e4 c5 2. Nf3 e6 3. d4 cxd4 4. Nxd4 a6 5. Bd3 Qc7 6. O-O Nf6 7. c4 d6 8. Nc3
Be7 9. Be3 Nbd7 10. f4 O-O 11. Rc1 b6 12. b4 Re8 13. a3 Bb7 14. Nb3 Rac8 15.
Nd2 Nf8 16. g4 N6d7 17. g5 Qd8 18. Nf3 f6 19. h4 Kh8 20. Qd2 Rc7 21. Qf2 Rc8
22. Na4 Rc6 23. Nd4 Rc8 24. Ne2 Rc6 25. Nec3 fxg5 26. fxg5 Ne5 27. Qe2 Nxd3 28.
Qxd3 Ng6 29. Qe2 Ne5 30. b5 Rxc4 31. Nxb6 axb5 32. Nxc4 bxc4 33. Rb1 Ba8 34.
Bb6 Qd7 35. a4 Nd3 36. Nb5 e5 37. Nc7 Rg8 38. Nxa8 Rxa8 39. a5 Qh3 40. Qh2 Qg4+
41. Qg2 Qxh4 42. Be3 Nf4 43. Bxf4 exf4 44. Rb5 h6 45. g6 Bd8 46. a6 Rxa6 47.
Rb8 Ra5 48. Rxf4 Qe1+ 49. Rf1 Qe3+ 50. Rf2 Qc1+ 51. Rf1 Qe3+ 52. Rf2 Qc1+ 53.
Rf1 1/2-1/2

[Event "DEM U16 2003"]
[Site "Willingen GER"]
[Date "2003.06.08"]
[Round "2"]
[White "Degtiarev, Jewgeni"]
[Black "Germer, Philipp"]
[Result "1-0"]
[Termination "normal"]
[Board "2"]
[WhiteElo "2254"]
[BlackElo "2149"]
[PlyCount "67"]
[WhiteFideId "4149610"]
[BlackFideId "4693523"]
[EventCountry "GER"]
[EventRounds "9"]
[EventType "swiss"]
[EventDate "2003.06.07"]

1. d4 Nf6 2. c4 d6 3. Nc3 Bf5 4. f3 e5 5. dxe5 dxe5 6. Qxd8+ Kxd8 7. e4 Be6 8.
f4 Bb4 9. Bd2 exf4 10. Nh3 Bxh3 11. gxh3 Re8 12. O-O-O Kc8 13. h4 b6 14. Bg2 c6
15. Rhe1 Kb7 16. Bxf4 Bxc3 17. bxc3 Nfd7 18. h5 Ne5 19. h6 g6 20. Bxe5 Rxe5 21.
Rd8 Re7 22. Red1 f5 23. exf5 gxf5 24. Rg8 Rc7 25. Rdd8 a5 26. a4 f4 27. Be4 Ka7
28. Rg7 Na6 29. Rxa8+ Kxa8 30. Bxh7 Kb7 31. Bf5 f3 32. Rxc7+ Kxc7 33. h7 f2 34.
Bh3 1-0

[Event "DEM U16 2003"]
[Site "Willingen GER"]
[Date "2003.06.08"]
[Round "2"]
[White "Shmirina, Evgenija"]
[Black "Meier, Georg"]
[Result "0-1"]
[Termination "normal"]
[Board "3"]
[WhiteElo "2146"]
[BlackElo "2253"]
[PlyCount "90"]
[WhiteFideId "4693809"]
[BlackFideId "4675783"]
[EventCountry "GER"]
[EventRounds "9"]
[EventType "swiss"]
[EventDate "2003.06.07"]

1. e4 e6 2. d4 d5 3. Nc3 dxe4 4. Nxe4 Nd7 5. Nf3 Ngf6 6. Bd3 Nxe4 7. Bxe4 Nf6
8. Bd3 c5 9. O-O cxd4 10. Nxd4 Bc5 11. Nb3 Bd6 12. Bg5 Qc7 13. h3 Bd7 14. Bxf6
gxf6 15. Re1 Rg8 16. Nd4 O-O-O 17. a4 Bc5 18. c3 Kb8 19. Qe2 Bxd4 20. cxd4 Bc6
21. Be4 Rxd4 22. Rac1 Rxe4 23. Qxe4 Bxe4 24. Rxc7 Rxg2+ 25. Kf1 Kxc7 26. Rxe4
Rg5 27. Rh4 h5 28. Ke2 Kd6 29. Ke3 b6 30. Rf4 Re5+ 31. Kd3 Rd5+ 32. Ke3 f5 33.
Rh4 a5 34. f4 b5 35. Rxh5 bxa4 36. Rh8 Rb5 37. Rd8+ Ke7 38. Rd2 Rb3+ 39. Kd4
Rxh3 40. Kc4 Rb3 41. Rf2 Kd6 42. Rd2+ Kc6 43. Rf2 Rb4+ 44. Kc3 Kc5 45. Kc2 Kd4
0-1

[Event "DEM U16 2003"]
[Site "Willingen GER"]
[Date "2003.06.08"]
[Round "2"]
[White "Lutz, Dieter"]
[Black "Armbrust, Florian"]
[Result "1-0"]
[Termination "normal"]
[Board "4"]
[WhiteElo "2139"]
[BlackElo "2234"]
[PlyCount "121"]
[WhiteFideId "4667565"]
[BlackFideId "4691350"]
[EventCountry "GER"]
[EventRounds "9"]
[EventType "swiss"]
[EventDate "2003.06.07"]

1. e4 c5 2. Nf3 d6 3. Bc4 Nf6 4. d3 Nc6 5. c3 Bg4 6. Qb3 d5 7. exd5 Na5 8. Qa4+
Bd7 9. Bb5 b6 10. Ne5 a6 11. Bxd7+ Nxd7 12. Qxd7+ Qxd7 13. Nxd7 Kxd7 14. c4 g6
15. Bd2 Bg7 16. Bc3 Bxc3+ 17. Nxc3 Nb7 18. O-O-O Nd6 19. b3 b5 20. Rhe1 Rab8
21. Ne4 Rhc8 22. Nxd6 Kxd6 23. Re3 a5 24. Rde1 Re8 25. Kc2 a4 26. Rb1 axb3+ 27.
axb3 Ra8 28. Kb2 b4 29. Ra1 Rxa1 30. Kxa1 e6 31. dxe6 fxe6 32. Kb2 Rf8 33. f3
Rd8 34. Re1 Ra8 35. f4 Rf8 36. g3 g5 37. Re4 gxf4 38. Rxf4 Rd8 39. Rh4 Ke5 40.
Kc2 Rf8 41. Kd2 Rf2+ 42. Ke3 Rb2 43. Rh5+ Kd6 44. Rxh7 Rxb3 45. Rb7 Rb2 46. h4
b3 47. Kf4 Rf2+ 48. Kg5 b2 49. h5 Ke5 50. h6 Rh2 51. g4 Kd4 52. Rb3 e5 53. Kg6
e4 54. dxe4 Kxc4 55. Rb8 Kd3 56. h7 Kc2 57. e5 Rh4 58. Rxb2+ Kxb2 59. e6 Rxg4+
60. Kh5 Rg1 61. h8=Q+ 1-0

[Event "DEM U16 2003"]
[Site "Willingen GER"]
[Date "2003.06.08"]
[Round "2"]
[White "Becker, Martin Alexander"]
[Black "Feuerstack, Aljoscha"]
[Result "1-0"]
[Termination "normal"]
[Board "5"]
[WhiteElo "2199"]
[BlackElo "2118"]
[PlyCount "81"]
[WhiteFideId "4680820"]
[BlackFideId "4681932"]
[EventCountry "GER"]
[EventRounds "9"]
[EventType "swiss"]
[EventDate "2003.06.07"]

1. e4 c5 2. Nf3 e6 3. d4 cxd4 4. Nxd4 a6 5. Nc3 Qc7 6. Bd3 Nf6 7. f4 b5 8. e5
b4 9. Ne4 Nxe4 10. Bxe4 Bb7 11. Qf3 Nc6 12. Nxc6 Bxc6 13. Bxc6 dxc6 14. O-O Be7
15. a3 bxa3 16. b3 Qb6+ 17. Kh1 O-O 18. Bxa3 Bxa3 19. Rxa3 Rfd8 20. Ra4 Rd5 21.
h3 Rad8 22. Rfa1 a5 23. Rc4 h6 24. Kh2 R8d7 25. Re1 g6 26. Qe3 Qb5 27. f5 exf5
28. Qxh6 Rd4 29. e6 Qb8+ 30. Kg1 Rxc4 31. exd7 Re4 32. Rxe4 fxe4 33. Qd2 Qb6+
34. Kf1 Qd8 35. Qd6 e3 36. Ke2 Kh7 37. g3 c5 38. c4 Kh6 39. h4 Kh7 40. Kxe3 Qa8
41. d8=Q 1-0

[Event "DEM U16 2003"]
[Site "Willingen GER"]
[Date "2003.06.08"]
[Round "2"]
[White "Laßan, Christian"]
[Black "Rohde, Torsten"]
[Result "0-1"]
[Termination "normal"]
[Board "6"]
[WhiteElo "2089"]
[BlackElo "2182"]
[PlyCount "110"]
[WhiteFideId "4685997"]
[BlackFideId "4665007"]
[EventCountry "GER"]
[EventRounds "9"]
[EventType "swiss"]
[EventDate "2003.06.07"]

1. e4 c5 2. c3 d5 3. exd5 Qxd5 4. d4 Nf6 5. Nf3 Bg4 6. Be2 e6 7. O-O Nc6 8. Na3
O-O-O 9. Nc2 Qd7 10. Be3 Nd5 11. Rc1 f6 12. dxc5 e5 13. c4 Nxe3 14. Qxd7+ Bxd7
15. fxe3 Bxc5 16. Rfd1 b6 17. Nfe1 Bf5 18. Bd3 Bg4 19. Nf3 f5 20. h3 e4 21.
Bxe4 fxe4 22. hxg4 exf3 23. gxf3 a5 24. b3 Ne5 25. Kg2 Rhf8 26. Rxd8+ Rxd8 27.
Kg3 Rd2 28. Nd4 Kd7 29. Rh1 h6 30. Rh5 Nd3 31. Rd5+ Bd6+ 32. f4 Nb4 33. Rf5 Ke7
34. Rh5 Kd7 35. Nb5 Nxa2 36. g5 hxg5 37. Rxg5 Bf8 38. Rg6 Rd3 39. Kf3 Rxb3 40.
Rxb6 Bc5 41. Rb7+ Kc6 42. Rxg7 Bxe3 43. Kg4 Nc3 44. Na7+ Kb6 45. Nc8+ Kc5 46.
Rc7+ Kb4 47. Rb7+ Ka3 48. Re7 Bc5 49. Rc7 Kb4 50. f5 Ne4 51. Kf4 Nf6 52. Ke5
Ne8 53. Rh7 Re3+ 54. Kf4 Kxc4 55. Rh6 Re1 0-1

[Event "DEM U16 2003"]
[Site "Willingen GER"]
[Date "2003.06.08"]
[Round "2"]
[White "Eisenbeiser, Amadeus"]
[Black "Lang, Henry"]
[Result "1-0"]
[Termination "normal"]
[Board "7"]
[WhiteElo "2243"]
[BlackElo "1676"]
[PlyCount "64"]
[WhiteFideId "4678338"]
[EventCountry "GER"]
[EventRounds "9"]
[EventType "swiss"]
[EventDate "2003.06.07"]

1. e4 e6 2. d3 d5 3. Qe2 c5 4. Nf3 Nf6 5. g3 Be7 6. Bg2 Nc6 7. O-O O-O 8. e5
Nd7 9. c4 d4 10. h4 f6 11. exf6 Nxf6 12. Re1 Bd6 13. Nbd2 Nb4 14. Nf1 Qc7 15.
a3 Nc6 16. Ng5 e5 17. Ne4 Nxe4 18. Bxe4 Bf5 19. Nd2 Qf7 20. Bxf5 Qxf5 21. Ne4
Rad8 22. Kg2 b6 23. Bd2 a5 24. b3 Be7 25. Bg5 Bxg5 26. hxg5 Rd7 27. Rh1 Rdf7
28. Rh5 Nb8 29. Rah1 Nd7 30. Rxh7 Qxh7 31. Rxh7 Kxh7 32. Qh5+ Kg8 1-0

[Event "DEM U16 2003"]
[Site "Willingen GER"]
[Date "2003.06.08"]
[Round "2"]
[White "Grimberg, Boris"]
[Black "Brüdigam, Martin"]
[Result "1/2-1/2"]
[Termination "normal"]
[Board "8"]
[WhiteElo "2136"]
[BlackElo "1926"]
[PlyCount "57"]
[WhiteFideId "4697499"]
[BlackFideId "24608033"]
[EventCountry "GER"]
[EventRounds "9"]
[EventType "swiss"]
[EventDate "2003.06.07"]

1. d4 Nf6 2. c4 g6 3. g3 c6 4. Nf3 d5 5. Nc3 Bg7 6. Bg2 O-O 7. O-O Nbd7 8. Ne5
Nb6 9. cxd5 Nfxd5 10. e4 Nxc3 11. bxc3 Be6 12. f4 f6 13. Nf3 Bc4 14. Re1 Qd7
15. Be3 Rfe8 16. Nd2 Bf7 17. Qc2 Nc4 18. Nxc4 Bxc4 19. Rad1 e6 20. Rd2 Rad8 21.
Red1 Qc7 22. Bf2 Qa5 23. Bf1 Bxf1 24. Kxf1 Rd7 25. Kg2 Red8 26. Qb3 Kf7 27. Re2
Bf8 28. c4 Qa3 29. Rd3 1/2-1/2

[Event "DEM U16 2003"]
[Site "Willingen GER"]
[Date "2003.06.08"]
[Round "2"]
[White "Mijatovic, Vladimir"]
[Black "Zollondz, Mark"]
[Result "1-0"]
[Termination "normal"]
[Board "9"]
[WhiteElo "2082"]
[BlackElo "1819"]
[PlyCount "61"]
[WhiteFideId "934062"]
[EventCountry "GER"]
[EventRounds "9"]
[EventType "swiss"]
[EventDate "2003.06.07"]

1. e4 c6 2. d4 d5 3. Nc3 dxe4 4. Nxe4 Bf5 5. Ng3 Bg6 6. h4 h6 7. Nf3 Nd7 8. h5
Bh7 9. Bd3 Bxd3 10. Qxd3 e6 11. Bf4 Qa5+ 12. Bd2 Qc7 13. O-O-O Ngf6 14. Ne4
O-O-O 15. g3 Nxe4 16. Qxe4 Nf6 17. Qe2 Bd6 18. c4 c5 19. Bc3 Qe7 20. Kb1 Kb8
21. Ne5 Nd7 22. Nxd7+ Rxd7 23. dxc5 Bxc5 24. Rxd7 Qxd7 25. Bxg7 Rg8 26. Bxh6
Qd4 27. Bf4+ Ka8 28. h6 Qf6 29. Qe5 Be7 30. h7 Rh8 31. Rh6 1-0

[Event "DEM U16 2003"]
[Site "Willingen GER"]
[Date "2003.06.08"]
[Round "2"]
[White "Ratkovitch, Dimitri"]
[Black "Frübing, Stefan"]
[Result "1/2-1/2"]
[Termination "normal"]
[Board "10"]
[WhiteElo "1818"]
[BlackElo "2063"]
[PlyCount "149"]
[WhiteFideId "24608050"]
[BlackFideId "4682165"]
[EventCountry "GER"]
[EventRounds "9"]
[EventType "swiss"]
[EventDate "2003.06.07"]

1. e4 c5 2. Nf3 Nc6 3. d4 cxd4 4. Nxd4 g6 5. c4 Bg7 6. Be3 Nf6 7. Nc3 d6 8. Be2
O-O 9. O-O Bd7 10. Rc1 Qa5 11. Qd2 Rfc8 12. f3 Nxd4 13. Bxd4 a6 14. a3 Be6 15.
b4 Qd8 16. Nd5 Bxd5 17. cxd5 Nd7 18. Bf2 Qf8 19. Bd3 h5 20. a4 Bf6 21. a5 Qg7
22. Rxc8+ Rxc8 23. Rc1 Rc3 24. b5 axb5 25. Bxb5 Nc5 26. Rb1 Ra3 27. Qb4 Ra2 28.
Bc4 Bc3 29. Qb5 Rxa5 30. Qe8+ Qf8 31. Qxf8+ Kxf8 32. Bf1 Ra3 33. g3 Nb3 34. Kg2
Ba5 35. Be2 b6 36. Bd1 Nd2 37. Rb5 Ra2 38. h3 Ra1 39. Be2 Rb1 40. Rxb1 Nxb1 41.
Bd4 Na3 42. Bb2 Nc2 43. Bb5 Be1 44. g4 hxg4 45. hxg4 Bb4 46. Ba4 Ne1+ 47. Kg3
Nd3 48. Bd4 Bc5 49. Bc3 Nc1 50. Bb2 Ne2+ 51. Kg2 f6 52. Bb5 Nf4+ 53. Kg3 g5 54.
Bc1 Ng6 55. Bd2 Bd4 56. Bd7 Ne5 57. Bb5 Nf7 58. Bc1 Nd8 59. Ba3 Nb7 60. Bb4 Bc5
61. Bc3 Kf7 62. Bc4 Ke8 63. Ba6 Na5 64. Kg2 Kd7 65. Kf1 Kc7 66. Ke2 Nb7 67. Kd3
Bf2 68. Kc4 Nc5 69. Bb5 Bg3 70. Bd4 Nb7 71. Bc3 Bf2 72. Bb4 Nd8 73. Bc3 Nf7 74.
Kd3 Ne5+ 75. Bxe5 1/2-1/2